01826cam a22005054i 4500003000900000005001700009008004100026020001500067020001800082035002700100040004300127082002200170100003000192245005900222264003300281300003800314336002100352337002500373338002300398504005600421505062100477526001001098526001001108526001001118526001001128526001001138526000901148526000901157526000901166526000901175526000901184526000901193526000901202526000901211526000901220526000901229526000801238526000801246526000801254526000801262526000801270526000801278541001701286650001701303PE-LiUPU20250731170444.0150625s2006 sp rb 000 0 spa d a8497563611 a9788497563611 a(Sirsi) i9788497563611 aPE-LiUPUbspacPE-LiUPUdPE-LiUPUerda04a159.943 bR412211 aRenfrew, John W.,eautor.10aAgresión :bnaturaleza y control /cJohn W. Renfrew. 1aMadrid :bSíntesis,c2006. a240 páginas ;c22 centímetros atext2rdacontent aunmediated2rdamedia avolume2rdacarrier aIncluye bibliografía al final de cada capítulo.0 a¿Qué es la agresión? ¿Cómo se determinan sus influencias? -- Contribuciones biológicas a la agresividad -- El papel del cerebro en la agresividad y su control -- Los fármacos y la neuroquímica de la agresividad -- Estrés ambiental y agresividad -- Desarrollo y control de la agresividad por medio de la experiencia -- Interacciones sociales, televisión y cine: su impacto sobre la agresividad -- Determinantes de la delincuencia juvenil y su control -- La violencia doméstica -- Perspectivas para la previsión y el control de la agresividad. ¿Qué se ha aprendido y qué se puede esperar?. aSEG68 aSEG70 aSEG69 aSEG67 aSEG43 aP144 aP143 aP131 aP122 aP120 aP117 aP112 aP110 aP106 aP101 aP80 aP59 aP54 aP35 aP33 aP30 g014-0000458;14aAgresividad.